01572cam a22003495a 4500999001700000003000900017005001700026008004100043020003300084020003000117020005000147020004700197040004300244082002100287100003600308245011200344264006500456300004000521336002600561337002800587338002700615500002000642590001900662650007200681650006000753653002600813655002400839700003300863942001200896952015700908952015701065 c13669d13669EG-ScBUE20201103100510.0051207m20072010maua f 001 0 eng d a9780618260461 (student text) a0618260463 (student text) a9780618731435 (instructor's examination copy) a0618731431 (instructor's examination copy) aEG-ScBUEbengerdacEG-ScBUEdEG-ScBUE04a808.042bFOL2221 aFolse, Keith S,eauthor.91262910aGreater essays /cKeith S. Folse, University of Central Florida, Tison Pugh, University of Central Florida. 1aBoston ;aNew York :bHoughton Mifflin Company,c[2007-2010] a2 volumes :billustrations ;c28 cm 2rdacontentatextbtxt 2rdamediaaunmediatedbn 2rdacarrieravolumebnc aIncludes index. aAbdullah samir 7aEnglish languagexRhetoricvProblems, exercises, etc.2BUEsh912630 7aReport writingvProblems, exercises, etc.2BUEsh912632 bHHUUEENNcJanuary2020 vReading book9342321 aPugh, Tison,eauthor.912634 2ddccBB 00102ddc40708Abo ElholaMAINbMAINc2NDd2010-03-14epurchaseg166.46h2l1o808.042 FOLp000019734r2025-07-15 00:00:00s2013-11-20w2010-03-14yBB 00102ddc40708BaccahaMAINbMAINc2NDd2014-07-03ePurchaseg120.00h19900l0o808.042 FOLp000036041r2025-07-15 00:00:00v150.00w2014-07-03yBBz5